000 00597nam a22001935i 4500
001 18061607
005 20250210194312.0
008 140310s2014 nyu 000 0 eng
020 _a9783642451669
050 _aHD2741
_b.C63 COR
245 0 0 _aCorporate governance :
_ban international perspective /
_c[edited by] Samuel O Idowu.
260 _aNew York
_bSpringer-Verlag Berlin Heidelberg
_c2014
300 _axxxviii. 371p.
_bill.
_c24 cm
500 _aIncludes Index
650 _2Governance
700 _aIdowu Samuel O. (ed.)
700 _aCaliyurt Kiymet Tunca (ed.)
942 _2lcc
_cBK
_n0
999 _c3794
_d3794